Movement disorders in neurology and neuropsychiatry/ (Record no. 1036)

MARC details
000 -LEADER
fixed length control field 00688nam a2200217 a 4500
005 - DATE AND TIME OF LATEST TRANSACTION
control field 20260322212044.0
008 - FIXED-LENGTH DATA ELEMENTS--GENERAL INFORMATION
fixed length control field data
010 ## - LIBRARY OF CONGRESS CONTROL NUMBER
LC control number 91-07432
096 ## - LOCALLY ASSIGNED NLM-TYPE CALL NUMBER (OCLC)
Classification number WL 390 M9355 1992
001 - CONTROL NUMBER
control field data
245 10 - TITLE STATEMENT
Title Movement disorders in neurology and neuropsychiatry/
Statement of responsibility, etc. Anthony B. Joseph & Robert R. Young.
260 ## - PUBLICATION, DISTRIBUTION, ETC.
Place of publication, distribution, etc. Boston, MA
Name of publisher, distributor, etc. Blackwell Scientific Publications
Date of publication, distribution, etc. c1992
300 ## - PHYSICAL DESCRIPTION
Extent 762 p.
500 ## - GENERAL NOTE
General note Includes bibliographical references and index.
650 02 - SUBJECT ADDED ENTRY--TOPICAL TERM
Topical term or geographic name entry element Brain Diseases
General subdivision complications
650 02 - SUBJECT ADDED ENTRY--TOPICAL TERM
Topical term or geographic name entry element Dyskinesia, Drug-Induced
650 02 - SUBJECT ADDED ENTRY--TOPICAL TERM
Topical term or geographic name entry element Movement Disorders
General subdivision etiology
650 02 - SUBJECT ADDED ENTRY--TOPICAL TERM
Topical term or geographic name entry element Psychotic Disorders
General subdivision complications
700 1# - ADDED ENTRY--PERSONAL NAME
Personal name Joseph, Anthony B.
700 1# - ADDED ENTRY--PERSONAL NAME
Personal name Young, Robert R.
Holdings
Withdrawn status Lost status Damaged status Not for loan Home library Current library Shelving location Date acquired Total checkouts Full call number Barcode Date last seen Price effective from Koha item type
        Riverside Riverside General stacks 22/03/2026   GEN BC0011070 22/03/2026 22/03/2026 Books